| 000 | 00376nam a22001457a 4500 | ||
|---|---|---|---|
| 003 | SGT | ||
| 082 |
_a617.63 _bF21S |
||
| 100 | _aSharma, Anshul | ||
| 245 | _aFibrosseous lesions of the jaw. | ||
| 260 |
_aGurugram, Haryana _bSGT University _c2021 |
||
| 300 | _a90 | ||
| 650 | _aOral and Maxillofacial Radiology | ||
| 653 | _aOral and Maxillofacial Radiology | ||
| 942 |
_2ddc _cTH |
||
| 999 |
_c23625 _d23625 |
||